| 000 | 00502nam a22001937a 4500 | ||
|---|---|---|---|
| 003 | OSt | ||
| 005 | 20250814161345.0 | ||
| 008 | 250814b |||||||| |||| 00| 0 eng d | ||
| 020 | _a978-81-8266-560-6 | ||
| 040 | _cSBCL | ||
| 082 |
_a634.6 _bJAY-P |
||
| 100 | _aJayan,K R | ||
| 245 | _aPlavu | ||
| 250 | _a2nd ed. | ||
| 260 |
_aKozhikode _bMathrubhumi Books _c2015 |
||
| 300 | _a104p. | ||
| 650 |
_2Technology _aAgriculture and related technologies _v Orchards, fruits, forestry |
||
| 942 | _cBOOK | ||
| 999 |
_c137378 _d137378 |
||